Story problem made easy, bk1, gr.K-1 : (Record no. 113133)
[ view plain ]
| 000 -LEADER | |
|---|---|
| fixed length control field | 00562nam a2200157 a 4500 |
| 001 - CONTROL NUMBER | |
| control field | 2085 |
| 005 - DATE AND TIME OF LATEST TRANSACTION | |
| control field | 20140414132004.0 |
| 008 - FIXED-LENGTH DATA ELEMENTS--GENERAL INFORMATION | |
| fixed length control field | 001111s19uu xx 00 eng d |
| 050 ## - LIBRARY OF CONGRESS CALL NUMBER | |
| Classification number | TR 372.7 |
| Item number | D65 bk.1 |
| 100 ## - MAIN ENTRY--PERSONAL NAME | |
| Personal name | Donofrio, Linda |
| 245 ## - TITLE STATEMENT | |
| Title | Story problem made easy, bk1, gr.K-1 : |
| Remainder of title | addition and subtraction sums to 20 / |
| Statement of responsibility, etc | written by Linda Donofrio, Andres Sholl. |
| 260 ## - PUBLICATION, DISTRIBUTION, ETC. (IMPRINT) | |
| Place of publication, distribution, etc | Bothel, WA : |
| Name of publisher, distributor, etc | A Golden Educational Center, |
| Date of publication, distribution, etc | 1989. |
| 300 ## - PHYSICAL DESCRIPTION | |
| Extent | 1 v. (unp.) ; cm. |
| 650 ## - SUBJECT ADDED ENTRY--TOPICAL TERM | |
| Topical term or geographic name as entry element | Mathematics -- study and teaching |
| General subdivision | Problems and exercises, etc. |
| Withdrawn status | Lost status | Damaged status | Home library | Current library | Shelving location | Date acquired | Source of acquisition | Total Checkouts | Full call number | Barcode | Date last seen | Price effective from | Koha item type |
|---|---|---|---|---|---|---|---|---|---|---|---|---|---|
| Munich Library | Munich Library | Teachers Reference Section | 05/26/2005 | TR 372.7 D65 bk.1 | M4626 | 04/14/2014 | 04/14/2014 | Books |